| 000 | 00904nam a2200253 a 4500 | ||
|---|---|---|---|
| 008 | |||
| 020 | _a0724340939 (paperback) | ||
| 040 |
_aNUST _cNUST |
||
| 049 | _aMAIN | ||
| 090 |
_aRC112 _bMAC |
||
| 100 | 1 |
_aMacaitis, Merridie., _aauthor. |
|
| 245 | 1 | 0 |
_a'You've got what?!' : _bcontrol of infectious diseases in children and adults/ _c compiled by Merridie Macaitis. |
| 260 |
_aAdelaide, South Australia : _bThe South Australian Health Commission , _c1992. |
||
| 300 |
_aviii, 99 pages : _bcolour illustrations ; _c30 cm. |
||
| 336 |
_atext _btxt _2rdacontent |
||
| 337 |
_aunmediated _bn _2rdamedia |
||
| 338 |
_avolume _bnc _2rdacarrier |
||
| 650 | 1 |
_aCommunicable diseases _xPrevention. |
|
| 650 |
_aMedical personnel _xHealth and hygiene. |
||
| 907 |
_a.b10416456 _b15-03-22 _c14-03-22 |
||
| 003 | |||
| 005 | 20230120204349.0 | ||
| 942 |
_cBOOKS _kRC112 _mMAC |
||
| 999 |
_c121910 _d121910 |
||